Antología sustancial de poemas y canciones /
Guardado en:
| Autor Principal: | |
|---|---|
| Otros Autores: | |
| Formato: | Libro |
| Publicado: |
Buenos Aires :
Ah,
2014
|
| Materias: | |
| Etiquetas: |
Agregar Etiqueta
Sin Etiquetas, Sea el primero en etiquetar este registro!
|
| LEADER | 01251nam a22002775a 4500 | ||
|---|---|---|---|
| 001 | CEM.cems018411 | ||
| 008 | 130507s2014##################000#0#####d | ||
| 005 | 20220214182741.0 | ||
| 003 | CEMS | ||
| 245 | 1 | 0 | |a Antología sustancial de poemas y canciones / |c Vinicius de Moraes ; selección, Traducción y Notas de Cristian de Nápoli |
| 260 | |a Buenos Aires : |b Ah, |c 2014 | ||
| 300 | |a 354 p. | ||
| 500 | |a Edición bilingüe | ||
| 505 | 0 | |a Veinte años -- De la mujer sublime a la mujer que pasa -- La separación -- Chicas en bicicleta -- Cinepoema -- La rosa de Hiroshima -- Intermezzo. Pátria minha -- El obrero en construcción -- El ángel de patas chuecas -- Aguardándote, amor, reveo los días -- El arca de Noé -- Y en el mundo una ciudad -- El debe y el haber -- Letras de canciones | |
| 020 | |a 9789871923878 | ||
| 100 | 1 | |a Moraes, Vinicius de | |
| 700 | 1 | |a De Nápoli, Cristian, trad. | |
| 082 | 0 | 4 | |a B861.4 |
| 653 | |a Literatura | ||
| 653 | |a Literatura brasileña | ||
| 653 | |a Poesías | ||
| 653 | |a Poesía brasileña | ||
| 653 | |a Biblioteca Juan Gelman | ||
| 653 | |a Colección Juan Gelman | ||
| 859 | |a CEMS |b BIB. CEMS - Agricultura |h B861.4 |i M791 |p A2253.15 |t Ej.1 | ||
| 859 | |a CEMS |b BIB. CEMS - 11 de abril |h B861.4 |i M791 |p 27087.14 |t Ej.1 | ||
